000 00790nam a22002417a 4500
003 OSt
005 20260306041207.0
008 260306b |||||||| |||| 00| 0 eng d
020 _a978-621-406-434-2
040 _aDWCL - Main Lib.
_cOC
082 _aFil. 648 P741h 2025
100 _aPoculan, Sherwin C., D.Hum (h.c.)
245 _aHousekeeping operations /
_cSherwin C. Poculan [and two others]
250 _aSecond edition.
260 _aManila, Philippines:
_bMindshapers,
_cc2025.
300 _ax, 333 pages:
_billustrations;
_c25cm.
504 _aIncludes bibliographical references.
650 _a1. Housekeeping -- Management.
650 _a2. Home economics.
700 _aI. Duque, Mary Grace R.
700 _aII. Ledesma, Jexter J., M.B.A.
942 _2ddc
_cBK - FIL
_n0
999 _c8688
_d8688